[Event "II Memorial Oliver Gonzalez"]
[Site "Madrid"]
[Date "2011.10.12"]
[Round "5.68"]
[White "De Dompablo Fantova, Juan"]
[Black "Jimenez Vera, Ruben"]
[Result "0-1"]
[WhiteElo "1725"]
[BlackElo "1591"]
[PlyCount "106"]
[EventDate "2011.10.08"]

1. e4 c5 2. c3 d6 3. d4 g6 4. dxc5 dxc5 5. Qxd8+ Kxd8 6. Bc4 e6 7. Nf3 Nc6 8.
O-O Bg7 9. Be3 b6 10. Rd1+ Ke7 11. Na3 Na5 12. Bf4 Nxc4 13. Nxc4 Ba6 14. Na3
Nf6 15. Bd6+ Ke8 16. e5 Ne4 17. Re1 Nxd6 18. exd6 Kd7 19. Ng5 Rhf8 20. Rad1 h6
21. Nf3 f5 22. Ne5+ Bxe5 23. Rxe5 f4 24. f3 Rf6 25. b4 cxb4 26. cxb4 Rc8 27. b5
Bb7 28. Re2 Bd5 29. Nc2 Rf5 30. Nd4 Rff8 31. Rc2 g5 32. Rdc1 Rxc2 33. Rxc2 Kxd6
34. Kf2 h5 35. a4 Rg8 36. Rc3 g4 37. a5 h4 38. axb6 axb6 39. Ra3 Kc5 40. Ne2
g3+ 41. hxg3 fxg3+ 42. Kg1 Kxb5 43. Nf4 Ra8 44. Rxa8 Bxa8 45. Nxe6 Ka5 46. f4
Be4 47. Nd4 b5 48. f5 b4 49. Nb3+ Kb5 50. Kf1 Bd5 51. Nd4+ Kc4 52. Ne6 b3 53.
Nf4 b2 0-1

[Event "II Memorial Oliver Gonzalez"]
[Site "Madrid"]
[Date "2011.10.12"]
[Round "5.74"]
[White "Veiga Rodriguez, Pablo"]
[Black "Benitez Cadenas, Luis Miguel"]
[Result "0-1"]
[WhiteElo "1578"]
[BlackElo "1737"]
[PlyCount "57"]
[EventDate "2011.10.08"]

1. d4 d5 2. Nf3 c6 3. c4 Bf5 4. e3 Nf6 5. Nc3 e6 6. Nh4 Bg6 7. Nxg6 hxg6 8. h3
Nbd7 9. Bd2 Bd6 10. Qb3 Qc7 11. c5 Be7 12. Qc2 b6 13. b4 O-O 14. Bd3 Rfb8 15.
O-O a5 16. Ne2 axb4 17. cxb6 Rxb6 18. Rfb1 e5 19. dxe5 Nxe5 20. f4 Nxd3 21.
Qxd3 Ne4 22. Be1 Bf6 23. Nd4 c5 24. Ne2 Qc6 25. Rd1 Bxa1 26. Rxa1 Ra3 27. Qd1
Rxe3 28. a4 bxa3 29. Qd2 0-1

[Event "II Memorial Oliver Gonzalez"]
[Site "Madrid"]
[Date "2011.10.12"]
[Round "5.75"]
[White "Garcia-Ines Sanchez, Gustavo"]
[Black "Garcia-Sanchez Navarro, Mariano"]
[Result "1-0"]
[WhiteElo "1633"]
[BlackElo "1573"]
[PlyCount "109"]
[EventDate "2011.10.08"]

1. e4 c6 2. Nf3 d5 3. e5 Bg4 4. d4 e6 5. Be2 Nd7 6. Nbd2 a6 7. Nf1 c5 8. Ne3
Bh5 9. g4 Bg6 10. h4 h5 11. c3 cxd4 12. cxd4 Rc8 13. Bd2 hxg4 14. Nxg4 Be4 15.
Rc1 f5 16. Ne3 Be7 17. Ng2 b5 18. O-O Bxh4 19. Rxc8 Qxc8 20. Nfxh4 Bxg2 21.
Nxg2 Qd8 22. Bh5+ Kf8 23. Bb4+ Ne7 24. Nf4 Kg8 25. Nxe6 Qb6 26. Bxe7 Qxe6 27.
Bd6 Qh6 28. Qf3 Qg5+ 29. Qg2 Qxh5 30. Qxd5+ Kh7 31. Qh1 Qxh1+ 32. Kxh1 Kg8+ 33.
Kg2 Kf7 34. Rc1 Ra8 35. f4 Ra7 36. Rc7 Rxc7 37. Bxc7 Ke6 38. Kf3 Kd5 39. Ke3
Kc6 40. Bd6 Nb6 41. Bf8 g6 42. e6 Nc4+ 43. Kf3 Nxb2 44. d5+ Kc7 45. d6+ Kd8 46.
Ke3 Nc4+ 47. Kd4 Nb2 48. Kc5 Nd3+ 49. Kc6 Nb4+ 50. Kb7 Nxa2 51. Kxa6 b4 52. Kb6
Nc3 53. Kc6 Nd5 54. Kxd5 b3 55. Bg7 1-0